000 00477nab a2200145Ia 4500
003 ES-SlBCS
005 20210601135702.0
008 140529s1996 xxu||||| |||| 00| 0 spa d
041 _aspa
100 1 _aJakobs, Monika
_9235328
245 0 0 _aLa teología feminista en Europa. Entre el movimiento y la institucionalización académica
_c Monika Jakobs
650 0 4 _aTeología Feminista-Europa
_9235329
773 0 _tConcilium
_gnº. 263, 1996, págs. 53-65
_wRev134
942 _cAR
999 _c632252
_d632252